| 000 | 00795nam a22001337a 4500 | ||
|---|---|---|---|
| 040 | _cPhnom Penh | ||
| 082 | _aAGR POK 2010 B044 Or.1 | ||
| 100 | _aPOK, PANHA. | ||
| 245 | _aSystem of rice intensification adoption and adaptation improvement in tramkok district takeo province ការវិវត្តនៃការទទួលយកបច្ទេកទេសប្រព័ន្ធប្រពលវប្បកម្មដំណាំស្រូវតាមគោលការណ៍ធម្មជាតិរបស់កសិករស្រុកត្រាំកក់ ខេត្តតាកែវ | ||
| 260 |
_aPhnom Penh _bRUA _c2010 |
||
| 300 |
_axv; 86p. _bill. _c29cm. |
||
| 856 | _uhttps://drive.google.com/file/d/1xcc1JSoEI7fuhgmQX8x1qMFjsrXtiqh_/view?usp=sharing | ||
| 942 | _cAGR | ||
| 999 |
_c1053 _d1053 |
||